[Event "12. Open Internacional Málaga"]
[Site "Malaga ESP"]
[Date "2009.07.15"]
[Round "6.30"]
[White "Gutierrez Castillo, Paloma"]
[Black "Fomani, Medhi"]
[Result "1/2-1/2"]
[WhiteElo "2132"]
[BlackElo "2036"]
[PlyCount "109"]
[EventDate "2009.07.11"]
[EventType "swiss"]
[EventRounds "9"]
[EventCountry "ESP"]
[Source "lmi"]
[SourceDate "2009.07.11"]

1. e4 c6 2. d4 d5 3. f3 e6 4. Nc3 Bb4 5. a3 Bxc3+ 6. bxc3 c5 7. exd5 Qxd5 8.
Bd3 Nc6 9. Ne2 Nf6 10. O-O O-O 11. c4 Qd8 12. dxc5 Qe7 13. Bb2 Qxc5+ 14. Kh1 b6
15. Qe1 e5 16. f4 e4 17. Bxf6 exd3 18. Qg3 g6 19. cxd3 Qf5 20. Qh4 h5 21. Ng3
Qg4 22. Qxg4 Bxg4 23. f5 Rfe8 24. fxg6 fxg6 25. Rae1 Rxe1 26. Rxe1 Rf8 27. Bc3
Rd8 28. Re3 Nd4 29. Bxd4 Rxd4 30. h3 Bf5 31. Nxf5 gxf5 32. Kg1 Kf7 33. Kf2 Kf6
34. Ke2 Rd8 35. Kd2 h4 36. g3 hxg3 37. Rxg3 f4 38. Rf3 Kf5 39. Kc3 Rg8 40. Kd2
Rg2+ 41. Ke1 Ra2 42. Rf2 Rxa3 43. Rd2 f3 44. Kf2 Kf4 45. d4 Rc3 46. d5 Rxc4 47.
d6 Rc8 48. d7 Rd8 49. h4 a5 50. h5 Kg5 51. Rd5+ Kh6 52. Kxf3 a4 53. Kg4 a3 54.
Rd6+ Kh7 55. Rxb6 1/2-1/2

[Event "12. Open Internacional Málaga"]
[Site "Malaga ESP"]
[Date "2009.07.15"]
[Round "6.32"]
[White "De Francisco Y De Diego, Felipe"]
[Black "Fernandez Garcia, Francisco Jos"]
[Result "1-0"]
[WhiteElo "2044"]
[BlackElo "1913"]
[PlyCount "73"]
[EventDate "2009.07.11"]
[EventType "swiss"]
[EventRounds "9"]
[EventCountry "ESP"]
[Source "lmi"]
[SourceDate "2009.07.11"]

1. d4 d5 2. c4 e6 3. cxd5 exd5 4. Nc3 Be7 5. e3 Nf6 6. Bd3 c6 7. Nge2 Bg4 8. f3
Bh5 9. O-O Nbd7 10. e4 dxe4 11. fxe4 Qb6 12. Na4 Qd8 13. Qe1 c5 14. Nf4 O-O 15.
e5 Re8 16. Qg3 Nxe5 17. dxe5 Qd4+ 18. Be3 Qxe5 19. Nxh5 Qxh5 20. Rf5 Qg6 21.
Qf3 Rad8 22. Bb5 Rf8 23. Nxc5 Ng4 24. Rf1 Nxe3 25. Qxe3 Bf6 26. Nd7 Bxb2 27.
Qf2 Bf6 28. Nxf8 Kxf8 29. Rf4 Qh5 30. Bc4 Rd1 31. Rf5 Qg4 32. Rf4 Rxf1+ 33.
Bxf1 Qd7 34. Qc5+ Be7 35. Qf5 Qe8 36. Bb5 g6 37. Qd5 1-0

[Event "12. Open Internacional Málaga"]
[Site "Malaga ESP"]
[Date "2009.07.15"]
[Round "6.33"]
[White "Garcia Albarracin, Jose Antonio"]
[Black "Roman Lopez, Jesus"]
[Result "1/2-1/2"]
[WhiteElo "2024"]
[BlackElo "1892"]
[PlyCount "97"]
[EventDate "2009.07.11"]
[EventType "swiss"]
[EventRounds "9"]
[EventCountry "ESP"]
[Source "lmi"]
[SourceDate "2009.07.11"]

1. e4 Nc6 2. Nf3 e5 3. Bb5 Nf6 4. O-O Nxe4 5. d4 Nd6 6. dxe5 Nxb5 7. a4 Nbd4 8.
Nxd4 Qh4 9. f4 Nxd4 10. Qxd4 b6 11. Be3 Bb7 12. Nd2 Bc5 13. Qc3 Bxe3+ 14. Qxe3
O-O 15. Ra3 Qe7 16. Re1 Rae8 17. Nf1 f5 18. a5 Qb4 19. axb6 axb6 20. Qd2 Qc5+
21. Ne3 Re6 22. Rc3 Qb5 23. Qd3 Qxd3 24. cxd3 c5 25. b4 g5 26. Nc4 gxf4 27. Nd6
Bc6 28. bxc5 bxc5 29. Rxc5 Rg6 30. Rc2 Bd5 31. Rf1 f3 32. g3 f4 33. Kf2 fxg3+
34. hxg3 Rg5 35. d4 Rg4 36. Rd2 Rg6 37. Rh1 Ra8 38. Nf5 Re6 39. Ne3 Be4 40. Rh4
Bg6 41. Rf4 d6 42. Ng4 h5 43. d5 dxe5 44. dxe6 exf4 45. Ne5 fxg3+ 46. Kxg3 Re8
47. Rd6 Bf5 48. Nxf3 Bxe6 49. Ng5 1/2-1/2

[Event "12. Open Internacional Málaga"]
[Site "Malaga ESP"]
[Date "2009.07.15"]
[Round "6.35"]
[White "Garzon Rodriguez, Jose Manuel"]
[Black "Delgado Lozano, Jose Manuel"]
[Result "0-1"]
[WhiteElo "1905"]
[BlackElo "2010"]
[PlyCount "42"]
[EventDate "2009.07.11"]
[EventType "swiss"]
[EventRounds "9"]
[EventCountry "ESP"]
[Source "lmi"]
[SourceDate "2009.07.11"]

1. d4 d5 2. Nf3 Nf6 3. g3 c6 4. Bg2 Bf5 5. Nbd2 e6 6. O-O Nbd7 7. b3 c5 8. e3
b5 9. c4 bxc4 10. bxc4 Rb8 11. cxd5 Bd3 12. dxe6 fxe6 13. Re1 Nd5 14. Ne5 Nxe5
15. dxe5 Nb4 16. Qb3 Kf7 17. Ne4 Nc2 18. Nd6+ Bxd6 19. Qxd3 Nxa1 20. Qxd6 Qxd6
21. exd6 Nc2 0-1

[Event "12. Open Internacional Málaga"]
[Site "Malaga ESP"]
[Date "2009.07.15"]
[Round "6.36"]
[White "Ortega Gonzalez, Jose Luis"]
[Black "Jimenez Ruiz, Jose Carlos"]
[Result "1-0"]
[WhiteElo "1867"]
[BlackElo "1985"]
[PlyCount "71"]
[EventDate "2009.07.11"]
[EventType "swiss"]
[EventRounds "9"]
[EventCountry "ESP"]
[Source "lmi"]
[SourceDate "2009.07.11"]

1. e4 d6 2. Nf3 Nf6 3. Nc3 Bg4 4. Be2 c6 5. d4 e6 6. Bg5 Qa5 7. Qd2 d5 8. Bxf6
gxf6 9. exd5 cxd5 10. Qf4 Bxf3 11. Bxf3 Be7 12. O-O Nc6 13. a3 O-O-O 14. b4 Qc7
15. Qe3 Bd6 16. g3 Qe7 17. Rfe1 h5 18. b5 Nxd4 19. Qxd4 Be5 20. Rxe5 fxe5 21.
Qxa7 Qf6 22. Qa8+ Kd7 23. Qxb7+ Ke8 24. Qc6+ Kf8 25. Bxd5 Kg7 26. Ne4 Qg6 27.
Bb3 Rc8 28. Qb7 Rb8 29. Qe7 Qxe4 30. Qg5+ Kf8 31. Qf6 Rh7 32. Bxe6 Rg7 33. Bf5
Qd4 34. c3 Qc5 35. Rd1 Qc7 36. Rd7 1-0

[Event "12. Open Internacional Málaga"]
[Site "Malaga ESP"]
[Date "2009.07.15"]
[Round "6.41"]
[White "Velasco Gomez, Esperanza"]
[Black "Acriz Ibanez, Salvador"]
[Result "1-0"]
[WhiteElo "1851"]
[BlackElo "1583"]
[PlyCount "79"]
[EventDate "2009.07.11"]
[EventType "swiss"]
[EventRounds "9"]
[EventCountry "ESP"]
[Source "lmi"]
[SourceDate "2009.07.11"]

1. e4 c5 2. Nf3 d6 3. d4 cxd4 4. Qxd4 Nc6 5. Bb5 Bd7 6. Bxc6 Bxc6 7. Nc3 e5 8.
Qd3 Nf6 9. Bg5 Be7 10. O-O-O Ng4 11. Bxe7 Qxe7 12. Rd2 Rd8 13. Rhd1 O-O 14. h3
Nf6 15. Qe2 d5 16. exd5 Nxd5 17. Nxd5 Rxd5 18. Rxd5 Bxd5 19. Rxd5 f6 20. Qc4
Qe6 21. Rc5 Qxc4 22. Rxc4 Rb8 23. Rc7 a5 24. Nd2 b5 25. c3 h5 26. Kc2 Kh7 27.
Ne4 Kh6 28. h4 Rb6 29. Nc5 g5 30. hxg5+ Kxg5 31. Rb7 Rxb7 32. Nxb7 f5 33. Nxa5
e4 34. Kd2 Kg4 35. Nc6 f4 36. Nd4 e3+ 37. fxe3 fxe3+ 38. Kxe3 Kg3 39. Nf3 Kxg2
40. b3 1-0

[Event "12. Open Internacional Málaga"]
[Site "Malaga ESP"]
[Date "2009.07.15"]
[Round "6.45"]
[White "Antunez Munoz, Juan Jesus"]
[Black "Escalante Ortega, Fernando"]
[Result "1-0"]
[WhiteElo "1699"]
[BlackElo "1865"]
[PlyCount "63"]
[EventDate "2009.07.11"]
[EventType "swiss"]
[EventRounds "9"]
[EventCountry "ESP"]
[Source "lmi"]
[SourceDate "2009.07.11"]

1. e4 c5 2. Nf3 Nc6 3. d3 d6 4. g3 g6 5. Bg2 Bg7 6. O-O e5 7. Nc3 Nge7 8. Bg5
h6 9. Be3 Be6 10. Qd2 Qd7 11. a4 f5 12. Kh1 g5 13. exf5 Nxf5 14. Ne2 b6 15. c3
d5 16. d4 Na5 17. Nxe5 Bxe5 18. dxe5 Nb3 19. Qd3 Nxa1 20. Rxa1 Nxe3 21. Qxe3
O-O 22. Kg1 Rae8 23. f4 Qg7 24. a5 Qg6 25. axb6 axb6 26. b4 Ra8 27. Rd1 gxf4
28. Nxf4 Qc2 29. Rc1 Ra1 30. Rxa1 Bf5 31. Bxd5+ Kh8 32. Ne6 1-0

[Event "12. Open Internacional Málaga"]
[Site "Malaga ESP"]
[Date "2009.07.16"]
[Round "7.5"]
[White "Djuric, Stefan"]
[Black "Kurajica, Bojan"]
[Result "1/2-1/2"]
[WhiteElo "2437"]
[BlackElo "2524"]
[PlyCount "124"]
[EventDate "2009.07.11"]
[EventType "swiss"]
[EventRounds "9"]
[EventCountry "ESP"]
[Source "lmi"]
[SourceDate "2009.07.11"]

1. e4 c5 2. Nf3 Nc6 3. Bb5 Qb6 4. Nc3 e6 5. O-O Nge7 6. Re1 a6 7. Bf1 Ng6 8. b3
Be7 9. Bb2 O-O 10. g3 Qa7 11. a4 d6 12. Bg2 Bd7 13. Ne2 f5 14. d3 Rf7 15. h4
fxe4 16. dxe4 Raf8 17. h5 Nh8 18. h6 gxh6 19. Bxh8 Kxh8 20. e5 Rxf3 21. exd6
Bd8 22. Bxf3 Rxf3 23. Nf4 Rxf4 24. gxf4 Bf6 25. Re3 Qb8 26. c3 Qf8 27. Qh5 Bg7
28. Qxc5 Qxf4 29. Rae1 Bf8 30. Re4 Qf6 31. R4e3 e5 32. Rd1 Bg4 33. Rd2 h5 34.
b4 Qg5 35. Kf1 Bh3+ 36. Ke2 Qg4+ 37. Kd3 Qg6+ 38. Ke2 Qg4+ 39. Kd3 Qg6+ 40. Ke2
Qg4+ 41. Kd3 Qe6 42. Ke2 e4 43. Rd5 Bg4+ 44. Kd2 Bh6 45. d7 Nd8 46. Rd6 Bxe3+
47. Kxe3 Qe7 48. Qd4+ Kg8 49. Rd5 Be6 50. Rxh5 Bxd7 51. Re5 Ne6 52. Qxe4 Qf6
53. f4 Qg7 54. Rxe6 Qxc3+ 55. Kf2 Bxe6 56. Qxe6+ Kg7 57. Qe7+ Kg6 58. Qxb7 Qc2+
59. Kg3 Qxa4 60. Qe4+ Kg7 61. Qe7+ Kg6 62. Qd6+ Kf7 1/2-1/2

[Event "12. Open Internacional Málaga"]
[Site "Malaga ESP"]
[Date "2009.07.16"]
[Round "7.6"]
[White "Strikovic, Aleksa"]
[Black "Fernandez Romero, Ernesto"]
[Result "1-0"]
[WhiteElo "2523"]
[BlackElo "2461"]
[PlyCount "101"]
[EventDate "2009.07.11"]
[EventType "swiss"]
[EventRounds "9"]
[EventCountry "ESP"]
[Source "lmi"]
[SourceDate "2009.07.11"]

1. e4 c6 2. d3 d5 3. Nd2 g6 4. Ngf3 Bg7 5. g3 e5 6. Bg2 Ne7 7. O-O O-O 8. Re1
Nd7 9. a4 a5 10. b3 Qc7 11. Bb2 d4 12. c3 c5 13. cxd4 exd4 14. Nc4 Nc6 15. Bc1
Nde5 16. Nfxe5 Nxe5 17. f4 Nc6 18. Ra2 Bd7 19. Rf2 f6 20. h4 Rae8 21. Qf3 f5
22. e5 Nb4 23. Bd2 Bc6 24. Qe2 Re6 25. Bxb4 axb4 26. Bxc6 Qxc6 27. h5 Rf7 28.
Rg2 Bf8 29. g4 Qd7 30. Rf1 Be7 31. Rf3 fxg4 32. Rxg4 Rf5 33. hxg6 Rxg6 34. Rfg3
Qe6 35. Qg2 Kg7 36. a5 Qf7 37. Qf3 Bf8 38. Kg2 Kh8 39. Rxg6 hxg6 40. Rg4 Kh7
41. Qe4 Qe6 42. Qxb7+ Rf7 43. Qf3 Be7 44. Rg3 Bh4 45. Nd6 Rf8 46. Ne4 Qxb3 47.
Rh3 Qc2+ 48. Nf2 g5 49. f5 Kg8 50. Rxh4 gxh4 51. Qg4+ 1-0

[Event "12. Open Internacional Málaga"]
[Site "Malaga ESP"]
[Date "2009.07.16"]
[Round "7.7"]
[White "Carlsson, Pontus"]
[Black "Guerra Bastida, Diego"]
[Result "1/2-1/2"]
[WhiteElo "2494"]
[BlackElo "2419"]
[PlyCount "39"]
[EventDate "2009.07.11"]
[EventType "swiss"]
[EventRounds "9"]
[EventCountry "ESP"]
[Source "lmi"]
[SourceDate "2009.07.11"]

1. e4 c5 2. Nf3 d6 3. d4 cxd4 4. Nxd4 Nf6 5. Nc3 Bd7 6. Bg5 e6 7. Qd2 a6 8.
O-O-O h6 9. Bxf6 Qxf6 10. f4 Qd8 11. Bc4 Qc7 12. Bb3 Be7 13. Kb1 Nc6 14. Rhe1
O-O-O 15. Nf5 exf5 16. Nd5 Qb8 17. Nb6+ Kc7 18. Nd5+ Kc8 19. Nb6+ Kc7 20. Nd5+
1/2-1/2

[Event "12. Open Internacional Málaga"]
[Site "Malaga ESP"]
[Date "2009.07.16"]
[Round "7.8"]
[White "Garrido Dominguez, Jesus"]
[Black "Tratar, Marko"]
[Result "1-0"]
[WhiteElo "2333"]
[BlackElo "2494"]
[PlyCount "113"]
[EventDate "2009.07.11"]
[EventType "swiss"]
[EventRounds "9"]
[EventCountry "ESP"]
[Source "lmi"]
[SourceDate "2009.07.11"]

1. e4 c5 2. Nf3 e6 3. d4 cxd4 4. Nxd4 a6 5. Bd3 Bc5 6. Nb3 Be7 7. O-O d6 8. Nc3
Nf6 9. f4 Nc6 10. a4 b6 11. Qe1 Qc7 12. Qg3 g6 13. Be3 Bb7 14. Qf2 Bd8 15. Be2
Nb4 16. Bf3 O-O 17. Rfd1 d5 18. e5 Nd7 19. a5 b5 20. Rd2 Rc8 21. Ne2 Nc6 22.
Qg3 Re8 23. h4 Be7 24. Ned4 Nxd4 25. Nxd4 Bb4 26. Re2 Bxa5 27. h5 Bb4 28. Kf2
Bf8 29. Rh1 Bg7 30. hxg6 hxg6 31. Qh3 Nf8 32. g4 f6 33. exf6 Bxf6 34. g5 Bg7
35. Bg4 Qf7 36. Nf3 Rc4 37. c3 Rxf4 38. Bxf4 Qxf4 39. Bxe6+ Rxe6 40. Rxe6 Bc8
41. Rf6 Bxf6 42. Qxc8 Bxg5 43. Qe8 Bf6 44. Qe3 Qc4 45. Nd4 b4 46. Rd1 bxc3 47.
Qxc3 Kf7 48. Qe3 a5 49. b3 Qc7 50. Nf3 a4 51. Rc1 Qd7 52. Qf4 Qa7+ 53. Kg3 Ne6
54. Ng5+ Nxg5 55. Rc7+ Qxc7 56. Qxc7+ Ke6 57. bxa4 1-0

[Event "12. Open Internacional Málaga"]
[Site "Malaga ESP"]
[Date "2009.07.16"]
[Round "7.10"]
[White "Larino Nieto, David"]
[Black "Claros Egea, Christian"]
[Result "1-0"]
[WhiteElo "2455"]
[BlackElo "2281"]
[PlyCount "43"]
[EventDate "2009.07.11"]
[EventType "swiss"]
[EventRounds "9"]
[EventCountry "ESP"]
[Source "lmi"]
[SourceDate "2009.07.11"]

1. d4 d5 2. c4 e6 3. Nf3 Nf6 4. Nc3 c6 5. Bg5 dxc4 6. e4 b5 7. e5 h6 8. Bh4 g5
9. Nxg5 hxg5 10. Bxg5 Nbd7 11. g3 Bb7 12. Bg2 Qc7 13. exf6 c5 14. d5 Qe5+ 15.
Qe2 b4 16. Nb5 exd5 17. Rd1 Qxe2+ 18. Kxe2 O-O-O 19. Bxd5 Re8+ 20. Kf1 Bxd5 21.
Rxd5 Re5 22. Nxa7+ 1-0

[Event "12. Open Internacional Málaga"]
[Site "Malaga ESP"]
[Date "2009.07.16"]
[Round "7.11"]
[White "Charleshouse, Glenn L"]
[Black "Mogranzini, Roberto"]
[Result "1/2-1/2"]
[WhiteElo "2175"]
[BlackElo "2415"]
[PlyCount "68"]
[EventDate "2009.07.11"]
[EventType "swiss"]
[EventRounds "9"]
[EventCountry "ESP"]
[Source "lmi"]
[SourceDate "2009.07.11"]

1. e4 c5 2. Nf3 e6 3. d3 Nc6 4. g3 Nge7 5. Bg2 g6 6. O-O Bg7 7. c3 O-O 8. d4
cxd4 9. cxd4 d5 10. e5 Qb6 11. Nc3 Nf5 12. Na4 Qd8 13. a3 b6 14. Re1 Bd7 15.
Nc3 Rc8 16. Bf1 f6 17. Ba6 Rb8 18. Nb5 fxe5 19. dxe5 Bc8 20. Bxc8 Rxc8 21. Bf4
Qd7 22. Qe2 Bh6 23. h4 Na5 24. Rad1 Nc4 25. Nbd4 Ne7 26. b3 Na5 27. h5 Nac6 28.
Nxc6 Rxc6 29. hxg6 Nxg6 30. Bd2 Qf7 31. Kg2 Ne7 32. Nd4 Rcc8 33. Bb4 Rfe8 34.
Bxe7 Rxe7 1/2-1/2

[Event "12. Open Internacional Málaga"]
[Site "Malaga ESP"]
[Date "2009.07.16"]
[Round "7.13"]
[White "Guerreiro, Nuno"]
[Black "Ortega Ruiz, Jose Miguel"]
[Result "0-1"]
[WhiteElo "2095"]
[BlackElo "2344"]
[PlyCount "32"]
[EventDate "2009.07.11"]
[EventType "swiss"]
[EventRounds "9"]
[EventCountry "ESP"]
[Source "lmi"]
[SourceDate "2009.07.11"]

1. a3 d5 2. d4 Nf6 3. Nc3 Bf5 4. Bg5 e6 5. e3 h6 6. Bh4 c6 7. Bd3 Nbd7 8. Bxf5
exf5 9. Qf3 g6 10. h3 h5 11. Qf4 Bh6 12. Qd6 g5 13. Bg3 f4 14. exf4 Bf8 15.
fxg5 Bxd6 16. Bxd6 Ne4 0-1

[Event "12. Open Internacional Málaga"]
[Site "Malaga ESP"]
[Date "2009.07.16"]
[Round "7.14"]
[White "Perez Pardo, Juan Carlos"]
[Black "Bermejo Martinez, Jorge"]
[Result "1-0"]
[WhiteElo "2280"]
[BlackElo "2240"]
[PlyCount "73"]
[EventDate "2009.07.11"]
[EventType "swiss"]
[EventRounds "9"]
[EventCountry "ESP"]
[Source "lmi"]
[SourceDate "2009.07.11"]

1. d4 Nf6 2. Nf3 g6 3. c4 c5 4. d5 b5 5. cxb5 a6 6. bxa6 Bxa6 7. Nc3 d6 8. g3
Bg7 9. Bg2 O-O 10. O-O Nbd7 11. Rb1 Qa5 12. Qc2 Rfb8 13. Bd2 Qc7 14. b3 Nb6 15.
Ng5 h6 16. Nh3 Bb7 17. e4 Ba6 18. Rfe1 Ng4 19. f4 Bd4+ 20. Kh1 Bf2 21. Red1 Ne3
22. Bxe3 Bxe3 23. e5 Bd4 24. e6 f5 25. Ng1 Kg7 26. g4 fxg4 27. Nb5 Bxb5 28.
Rxd4 Rxa2 29. Qc3 Kh7 30. f5 Rxg2 31. fxg6+ Kg8 32. Qe3 Kg7 33. Rf4 Rxg1+ 34.
Kxg1 Be8 35. Qc3+ Kxg6 36. Rxg4+ Kf5 37. Qf3+ 1-0

[Event "12. Open Internacional Málaga"]
[Site "Malaga ESP"]
[Date "2009.07.16"]
[Round "7.15"]
[White "Jessel, Stephen"]
[Black "Bellon Lopez, Juan Manuel"]
[Result "1/2-1/2"]
[WhiteElo "2275"]
[BlackElo "2445"]
[PlyCount "83"]
[EventDate "2009.07.11"]
[EventType "swiss"]
[EventRounds "9"]
[EventCountry "ESP"]
[Source "lmi"]
[SourceDate "2009.07.11"]

1. Nf3 Nf6 2. c4 c6 3. g3 d5 4. Bg2 dxc4 5. Qc2 Qd5 6. Nc3 Qh5 7. Ne4 Nxe4 8.
Qxe4 Qd5 9. Qf4 f6 10. e4 e5 11. exd5 exf4 12. O-O fxg3 13. hxg3 Bc5 14. d4
cxd3 15. Bf4 Bd7 16. Rac1 Na6 17. Rfd1 g5 18. Bd2 O-O 19. Ne1 Rac8 20. Nxd3 Bd6
21. dxc6 Bxc6 22. Bxc6 Rxc6 23. Rxc6 bxc6 24. Be3 c5 25. Nb4 Nxb4 26. Rxd6 c4
27. Bxa7 Ra8 28. Bd4 Rxa2 29. Rxf6 Nd3 30. Rc6 Ra1+ 31. Kh2 Ne1 32. Kh3 Nf3 33.
Rxc4 Rd1 34. Bc3 h5 35. g4 h4 36. Kg2 Rd3 37. Rc8+ Kh7 38. Rc7+ Kg6 39. Rc6+
Kh7 40. Rf6 Nd2 41. Be5 Rd7 42. Rf5 1/2-1/2

[Event "12. Open Internacional Málaga"]
[Site "Malaga ESP"]
[Date "2009.07.16"]
[Round "7.16"]
[White "Montero Melendez, Rafael"]
[Black "Karim, Ismael"]
[Result "1/2-1/2"]
[WhiteElo "2249"]
[BlackElo "2406"]
[PlyCount "62"]
[EventDate "2009.07.11"]
[EventType "swiss"]
[EventRounds "9"]
[EventCountry "ESP"]
[Source "lmi"]
[SourceDate "2009.07.11"]

1. d4 Nf6 2. c4 e6 3. Nc3 d5 4. cxd5 exd5 5. Bg5 c6 6. Qc2 Na6 7. a3 Nc7 8. e3
Be7 9. Bd3 Ne6 10. Bh4 Nh5 11. Bxe7 Qxe7 12. Qe2 g6 13. Nf3 Neg7 14. h3 Nf6 15.
g4 Be6 16. Ne5 Nd7 17. Nxd7 Bxd7 18. f3 O-O-O 19. O-O-O Kb8 20. Kb1 Ne6 21. Bc2
Bc8 22. Bb3 Qf6 23. e4 Ka8 24. Qh2 Rhe8 25. exd5 Nxd4 26. Ba2 cxd5 27. Bxd5 Qb6
28. Qf4 Ne2 29. Qd2 Nxc3+ 30. Qxc3 Re3 31. Qc4 Be6 1/2-1/2

[Event "12. Open Internacional Málaga"]
[Site "Malaga ESP"]
[Date "2009.07.16"]
[Round "7.17"]
[White "Eyo Castro Rial, Alberto"]
[Black "Fierro Baquero, Martha L"]
[Result "1-0"]
[WhiteElo "2196"]
[BlackElo "2394"]
[PlyCount "91"]
[EventDate "2009.07.11"]
[EventType "swiss"]
[EventRounds "9"]
[EventCountry "ESP"]
[Source "lmi"]
[SourceDate "2009.07.11"]

1. e4 g6 2. d4 Bg7 3. Nf3 c5 4. d5 d6 5. c4 Nf6 6. Nc3 O-O 7. Be2 e5 8. O-O Ne8
9. Ne1 f5 10. exf5 gxf5 11. f4 Nd7 12. Be3 Qe7 13. Rb1 Nef6 14. a3 exf4 15.
Bxf4 Ne5 16. h3 Ng6 17. Bh2 Ne4 18. Nxe4 fxe4 19. Nc2 Bd7 20. Qd2 Be5 21. Ne3
Qg5 22. Bxe5 Nxe5 23. Kh2 h5 24. Rxf8+ Rxf8 25. Rf1 h4 26. Rxf8+ Kxf8 27. Nf1
Qf6 28. Qe3 Bf5 29. Nd2 Ng6 30. Bg4 Bxg4 31. hxg4 Ne5 32. Qxe4 Qf2 33. Qf5+
Qxf5 34. gxf5 Ng4+ 35. Kh3 Ne3 36. Kxh4 Nxf5+ 37. Kg5 Ne3 38. Kf6 Nxg2 39. Ke6
Nf4+ 40. Kxd6 Nd3 41. Kc7 Ke8 42. d6 Ne5 43. Ne4 Nd7 44. Kxb7 Kd8 45. Kxa7 Ne5
46. b3 1-0

[Event "12. Open Internacional Málaga"]
[Site "Malaga ESP"]
[Date "2009.07.16"]
[Round "7.19"]
[White "Pascual Palomo, Lucia"]
[Black "Gavilan Diaz, Mario"]
[Result "0-1"]
[WhiteElo "2116"]
[BlackElo "2280"]
[PlyCount "66"]
[EventDate "2009.07.11"]
[EventType "swiss"]
[EventRounds "9"]
[EventCountry "ESP"]
[Source "lmi"]
[SourceDate "2009.07.11"]

1. e4 c5 2. Nf3 d6 3. d4 cxd4 4. Nxd4 Nf6 5. Nc3 a6 6. Be2 e5 7. Nb3 Be6 8. O-O
Be7 9. Be3 Nbd7 10. a4 O-O 11. a5 Qc7 12. f3 Qc6 13. Qd2 d5 14. exd5 Nxd5 15.
Nxd5 Bxd5 16. Rfd1 Be6 17. Bf1 Rac8 18. Rac1 Rfd8 19. Qe1 Bf5 20. c3 Qe6 21.
Nd2 Nc5 22. Bc4 Qg6 23. Qf2 Nd3 24. Bxd3 Rxd3 25. Nb3 Be6 26. Nc5 Rxe3 27. Nxb7
Rd3 28. b4 Bd5 29. Nc5 Rxf3 30. Qb2 Rxc5 31. c4 Rxc4 32. Rxc4 Bxc4 33. Qxe5 Qf6
0-1

[Event "12. Open Internacional Málaga"]
[Site "Malaga ESP"]
[Date "2009.07.16"]
[Round "7.21"]
[White "Vinas Guerrero, Carlos A"]
[Black "Quillan, Gary"]
[Result "0-1"]
[WhiteElo "2104"]
[BlackElo "2405"]
[PlyCount "54"]
[EventDate "2009.07.11"]
[EventType "swiss"]
[EventRounds "9"]
[EventCountry "ESP"]
[Source "lmi"]
[SourceDate "2009.07.11"]

1. e4 e6 2. d4 d5 3. Nc3 Bb4 4. e5 Ne7 5. Bd2 c5 6. Nb5 Bxd2+ 7. Qxd2 O-O 8.
dxc5 Nbc6 9. f4 b6 10. Nf3 bxc5 11. c4 Rb8 12. O-O-O Qb6 13. Nd6 Ba6 14. b3 Na5
15. Qc2 dxc4 16. Bxc4 Bxc4 17. Nxc4 Nxc4 18. bxc4 Qa6 19. Rd3 Rb4 20. Nd2 Nf5
21. a3 Nd4 22. Qa2 Rfb8 23. Re1 R4b6 24. Ree3 Qb7 25. a4 Rb2 26. Qa1 Qxg2 27.
Re1 Rxd2 0-1

[Event "12. Open Internacional Málaga"]
[Site "Malaga ESP"]
[Date "2009.07.16"]
[Round "7.22"]
[White "Ladron De Guevara Pinto, Paolo"]
[Black "Valmana Canto, Jaime"]
[Result "1/2-1/2"]
[WhiteElo "2020"]
[BlackElo "2348"]
[PlyCount "62"]
[EventDate "2009.07.11"]
[EventType "swiss"]
[EventRounds "9"]
[EventCountry "ESP"]
[Source "lmi"]
[SourceDate "2009.07.11"]

1. e4 g6 2. d4 Bg7 3. f4 c5 4. d5 d6 5. c4 Nf6 6. Nc3 O-O 7. Bd3 e6 8. Nf3 exd5
9. cxd5 Bg4 10. O-O Nbd7 11. h3 Bxf3 12. Qxf3 Ne8 13. Kh1 Nc7 14. a4 a6 15. Rb1
Rb8 16. a5 b5 17. axb6 Rxb6 18. Bd2 Nb5 19. Nxb5 axb5 20. Ba5 c4 21. Bc2 Qb8
22. Bxb6 Qxb6 23. b3 c3 24. Qg4 Nf6 25. Qf3 Nd7 26. Qg4 Rd8 27. Rbe1 Qd4 28.
Qf3 Ra8 29. Rd1 Qb4 30. Ra1 Re8 31. Ra7 Re7 1/2-1/2

[Event "12. Open Internacional Málaga"]
[Site "Malaga ESP"]
[Date "2009.07.16"]
[Round "7.23"]
[White "Lasinskas, Povilas"]
[Black "De Francisco Y De Diego, Felipe"]
[Result "1-0"]
[WhiteElo "2268"]
[BlackElo "2044"]
[PlyCount "73"]
[EventDate "2009.07.11"]
[EventType "swiss"]
[EventRounds "9"]
[EventCountry "ESP"]
[Source "lmi"]
[SourceDate "2009.07.11"]

1. d4 d5 2. Bg5 Nd7 3. Nc3 Ngf6 4. e3 g6 5. f4 Bg7 6. Nf3 O-O 7. Bd3 c5 8. O-O
e6 9. h3 a6 10. a4 Qb6 11. Qd2 Nb8 12. a5 Qc7 13. Qf2 h6 14. Bh4 Nc6 15. Ne5
cxd4 16. exd4 Nxa5 17. Bxf6 Bxf6 18. Ng4 Bg7 19. Qh4 Bxd4+ 20. Kh1 Nc6 21. f5
exf5 22. Bxf5 Bxf5 23. Nxh6+ Kg7 24. Nxf5+ gxf5 25. Qg5+ Kh7 26. Rf4 Qxf4 27.
Qxf4 Bxc3 28. Qxf5+ Kg7 29. bxc3 Rad8 30. c4 d4 31. Ra3 f6 32. Qe6 Ne5 33. Rg3+
Kh6 34. Qf5 a5 35. Qf4+ Kh5 36. Rg7 Rg8 37. g4+ 1-0

[Event "12. Open Internacional Málaga"]
[Site "Malaga ESP"]
[Date "2009.07.16"]
[Round "7.24"]
[White "Naranjo Moreno, Antonio"]
[Black "Morales De La Rosa, Enrique"]
[Result "1-0"]
[WhiteElo "2244"]
[BlackElo "1993"]
[PlyCount "44"]
[EventDate "2009.07.11"]
[EventType "swiss"]
[EventRounds "9"]
[EventCountry "ESP"]
[Source "lmi"]
[SourceDate "2009.07.11"]

1. e4 c5 2. Nf3 Nc6 3. d4 cxd4 4. Nxd4 g6 5. Nc3 Bg7 6. Be3 Nf6 7. f3 O-O 8. g4
Nxd4 9. Bxd4 Qa5 10. Qd2 d6 11. h4 Be6 12. h5 Rac8 13. a3 Bc4 14. O-O-O Rfd8
15. Kb1 Be6 16. Qh2 g5 17. h6 Bh8 18. Qd2 Kf8 19. Be2 Bc4 20. Rhf1 Bxe2 21.
Nxe2 Qxd2 22. Rxd2 Nd7 1-0

[Event "12. Open Internacional Málaga"]
[Site "Malaga ESP"]
[Date "2009.07.16"]
[Round "7.25"]
[White "Nava Baro, Enrique"]
[Black "Dominguez Garcia, Juan Antonio"]
[Result "1-0"]
[WhiteElo "2201"]
[BlackElo "1984"]
[PlyCount "51"]
[EventDate "2009.07.11"]
[EventType "swiss"]
[EventRounds "9"]
[EventCountry "ESP"]
[Source "lmi"]
[SourceDate "2009.07.11"]

1. d4 Nf6 2. Nf3 c5 3. c4 e6 4. Nc3 d5 5. cxd5 Nxd5 6. e4 Nxc3 7. bxc3 Qa5 8.
Bd2 Bd7 9. d5 b5 10. c4 b4 11. Bd3 Qc7 12. e5 exd5 13. cxd5 c4 14. Be4 Bc5 15.
O-O Qb6 16. Ng5 Bb5 17. e6 f6 18. Qh5+ g6 19. Bxg6+ Ke7 20. Bxh7 Rf8 21. Ne4
Na6 22. Bh6 Bd4 23. Rad1 Rae8 24. d6+ Kxe6 25. Qf5+ Kf7 26. Qd5+ 1-0

[Event "12. Open Internacional Málaga"]
[Site "Malaga ESP"]
[Date "2009.07.16"]
[Round "7.28"]
[White "Weber, Francois"]
[Black "Dominguez Garcia, Francisco"]
[Result "*"]
[WhiteElo "2164"]
[BlackElo "1956"]
[PlyCount "61"]
[EventDate "2009.07.11"]
[EventType "swiss"]
[EventRounds "9"]
[EventCountry "ESP"]
[Source "lmi"]
[SourceDate "2009.07.11"]

1. e4 d5 2. exd5 Nf6 3. Nf3 Qxd5 4. Nc3 Qh5 5. d4 Bg4 6. Be2 Nc6 7. Be3 O-O-O
8. Qd2 e5 9. d5 Bb4 10. O-O-O Nxd5 11. Qe1 Nxc3 12. bxc3 Ba3+ 13. Kb1 Rxd1+ 14.
Bxd1 e4 15. Nd4 Bxd1 16. Qxd1 Qxd1+ 17. Rxd1 Rd8 18. Rg1 Nxd4 19. cxd4 Rd6 20.
c4 Rb6+ 21. Kc2 Be7 22. c5 Rg6 23. g3 Bg5 24. Bxg5 Rxg5 25. Re1 Rf5 26. a4
Rxf2+ 27. Kc3 Ra2 28. Kb4 f5 29. g4 fxg4 30. Rxe4 Rxh2 31. Rxg4 *